Anticoagulant therapy : (Record no. 45133)
[ view plain ]
| 000 -LEADER | |
|---|---|
| fixed length control field | 00787cam7a220022900 4500 |
| 001 - CONTROL NUMBER | |
| control field | qce00106582 |
| 005 - DATE AND TIME OF LATEST TRANSACTION | |
| control field | 20190813181152.0 |
| 008 - FIXED-LENGTH DATA ELEMENTS--GENERAL INFORMATION | |
| fixed length control field | 660808s1965 ilua 000 0 eng d |
| 035 ## - SYSTEM CONTROL NUMBER | |
| System control number | (Sirsi) r68399 |
| 035 ## - SYSTEM CONTROL NUMBER | |
| System control number | (QCAT)lss04933638 |
| 035 ## - SYSTEM CONTROL NUMBER | |
| System control number | (UPRA)qce00106582 |
| 040 ## - CATALOGING SOURCE | |
| Modifying agency | UPRA |
| 060 0# - NATIONAL LIBRARY OF MEDICINE CALL NUMBER | |
| Classification number | QV 193 |
| Item number | J36a 1965 |
| 100 1# - MAIN ENTRY--PERSONAL NAME | |
| Personal name | Jaques, Louis B. |
| Linkage | A29473.1 |
| 245 10 - TITLE STATEMENT | |
| Title | Anticoagulant therapy : |
| Remainder of title | pharmacological principles. |
| 260 ## - PUBLICATION, DISTRIBUTION, ETC. | |
| Place of publication, distribution, etc. | Springfield, IL : |
| Name of publisher, distributor, etc. | Thomas, |
| Date of publication, distribution, etc. | [c1965] |
| 440 #0 - SERIES STATEMENT/ADDED ENTRY--TITLE | |
| Title | American lecture series ; |
| Volume/sequential designation | no. 618. American lectures in hematology |
| Linkage | S3487.1 |
| 504 ## - BIBLIOGRAPHY, ETC. NOTE | |
| Bibliography, etc. note | Includes bibliographies. |
| 650 #2 - SUBJECT ADDED ENTRY--TOPICAL TERM | |
| Topical term or geographic name entry element | Anticoagulants -- therapeutic use. |
| General subdivision | Anticoagulants -- therapeutic use. |
| Linkage | S21324.1 |
| 949 ## - LOCAL PROCESSING INFORMATION (OCLC) | |
| a | RM340 |
| w | LC |
| i | -91775 |
| m | MEDICAL |
| t | BOOK |
| l | ON-SHELF |
| Withdrawn status | Lost status | Source of classification or shelving scheme | Damaged status | Not for loan | Home library | Current library | Shelving location | Total Checkouts | Full call number | Barcode | Date last seen | Copy number | Price effective from | Koha item type |
|---|---|---|---|---|---|---|---|---|---|---|---|---|---|---|
| Library of Congress Classification | Medical Library | Medical Library | On Shelf | RM340 | -91775 | 08/13/2019 | 1 | 08/13/2019 | Book |